Zákon o účtovníctve

Úplné znenie zákona o účtovníctve s komentárom. Prechod od jednoduchého účtovníctva na podvojné od 1. 1. 2005.

Gespeichert in:
Bibliographische Detailangaben
1. Verfasser: Kaletová, Viera
Format: Buchkapitel
Sprache:Slowakisch
Schlagworte:
Tags: Tag hinzufügen
Keine Tags, Fügen Sie das erste Tag hinzu!

MARC

LEADER 00000naa$a2200000$$$4500
001 0003860
005 20231003105400.6
041 0 |a slo 
044 |a SK 
245 1 0 |a Zákon o účtovníctve  |c Viera Kaletová 
520 |a Úplné znenie zákona o účtovníctve s komentárom. Prechod od jednoduchého účtovníctva na podvojné od 1. 1. 2005. 
610 2 0 |a účtovníctvo 
610 2 0 |a účtovníctvo jednoduché 
610 2 0 |a účtovníctvo podvojné 
610 2 0 |a zákony 
610 2 0 |a 2003 
100 1 |a Kaletová, Viera